Konark the black pagoda / (Record no. 129610)

MARC details
000 -LEADER
fixed length control field 00677nam a22002297a 4500
005 - DATE AND TIME OF LATEST TRANSACTION
control field 20170124110100.0
010 ## - LIBRARY OF CONGRESS CONTROL NUMBER
LC control number B-160112
020 ## - INTERNATIONAL STANDARD BOOK NUMBER
Terms of availability 100.00
International Standard Book Number 8123012365
035 ## - SYSTEM CONTROL NUMBER
System control number B-160112
037 ## - SOURCE OF ACQUISITION
Source of stock number/acquisition Cen Lib/Ret
040 ## - CATALOGING SOURCE
Original cataloging agency DPL
Language of cataloging EN
082 ## - DEWEY DECIMAL CLASSIFICATION NUMBER
Classification number 954.5
Item number BEH
100 ## - MAIN ENTRY--PERSONAL NAME
Personal name Behera, K.S.
9 (RLIN) 26895
245 ## - TITLE STATEMENT
Title Konark the black pagoda /
Statement of responsibility, etc by K.S. Behera
260 ## - PUBLICATION, DISTRIBUTION, ETC. (IMPRINT)
Place of publication, distribution, etc New Delhi
Name of publisher, distributor, etc Publication Division
Date of publication, distribution, etc 2005
270 ## - ADDRESS
Address Patiala House
City New Delhi
Postal code 110001
300 ## - PHYSICAL DESCRIPTION
Extent 125p.
Dimensions 22cm(Hb)
500 ## - GENERAL NOTE
General note Includes bibliographical reference
650 ## - SUBJECT ADDED ENTRY--TOPICAL TERM
Topical term or geographic name as entry element Konārak (India)
Geographic subdivision India
9 (RLIN) 26896
650 ## - SUBJECT ADDED ENTRY--TOPICAL TERM
Topical term or geographic name as entry element Hindu architecture
9 (RLIN) 86300
942 ## - ADDED ENTRY ELEMENTS (KOHA)
Source of classification or shelving scheme Dewey Decimal Classification
Koha item type English Books
Classification part 954.5
Call number suffix BEH
Holdings
Withdrawn status Lost status Damaged status Not for loan Home library Current library Date acquired Source of acquisition Cost, normal purchase price Total Checkouts Full call number Barcode Date last seen Date checked out Copy number Cost, replacement price Price effective from Koha item type
        Central Library Central Library 07/07/2015 Cen Lib/Ret 100.00 1 954.5 BEH B-160112 23/02/2021 09/02/2021 1 100.00 07/07/2015 English Books

© Delhi Public Library
Hit Counter
free hit counter